Miasta kontrolowane przez Państwa Osi - nagła śmierć - Statystyki

Ogólne statystyki
  • Ten quiz został rozwiązany 7 337 razy
  • Średni wynik to 10 z 21
Answers on the Grid
Answers color-coded by a green-red scale on the quiz's grid according to % correct below.
Amsterdam
Ateny
Bengazi
Berlin
Brisbane
Dżakarta
Hanoi
Hongkong
Honolulu
Kair
Kalkuta
Kapsztad
Kijów
Kopenhaga
Manila
Moskwa
Nankin
Oslo
Paryż
Pekin
Rzym
Seul
Singapur
Stambuł
Sztokholm
Tajpej
Teheran
Tokio
Toronto
Warszawa
Wiedeń
Zurych
 
Statystyki odpowiedzi
Odpowiedź % Poprawnych
Berlin
86%
Amsterdam
84%
Ateny
67%
Rzym
57%
Paryż
56%
Warszawa
53%
Wiedeń
52%
Kijów
51%
Kopenhaga
50%
Oslo
50%
Tokio
46%
Hongkong
39%
Hanoi
37%
Seul
34%
Dżakarta
32%
Pekin
31%
Singapur
27%
Tajpej
27%
Manila
26%
Nankin
26%
Bengazi
22%
Nie znaleziono quizów pasujących do podanych kryteriów
Rozkład punktacji
Procent ludzi z każdym wynikiem
Percentyl według liczby udzielonych odpowiedzi
Twoja historia wyników
Nie rozwiązałeś tego quizu